Christianity versus Liberalism: (Record no. 3575)
[ view plain ]
| 000 -LEADER | |
|---|---|
| fixed length control field | 00507nam a2200181Ia 4500 |
| 003 - CONTROL NUMBER IDENTIFIER | |
| control field | GBCCL |
| 005 - DATE AND TIME OF LATEST TRANSACTION | |
| control field | 20241126110458.0 |
| 008 - FIXED-LENGTH DATA ELEMENTS--GENERAL INFORMATION | |
| fixed length control field | 171129b xxu||||| |||| 00| 0 eng d |
| 040 ## - CATALOGING SOURCE | |
| Transcribing agency | gbc |
| 082 ## - DEWEY DECIMAL CLASSIFICATION NUMBER | |
| Classification number | 230.0464 |
| Item number | WAD |
| 100 ## - MAIN ENTRY--PERSONAL NAME | |
| Personal name | Waddy, John |
| 9 (RLIN) | 7129 |
| 245 ## - TITLE STATEMENT | |
| Title | Christianity versus Liberalism: |
| Remainder of title | and other essays / |
| Statement of responsibility, etc. | John Waddey |
| 260 ## - PUBLICATION, DISTRIBUTION, ETC. | |
| Name of publisher, distributor, etc. | J. C. Choate Publications, |
| Place of publication, distribution, etc. | Mississippi; |
| 300 ## - PHYSICAL DESCRIPTION | |
| Extent | 296p.; |
| Dimensions | 18 cm. |
| 650 ## - SUBJECT ADDED ENTRY--TOPICAL TERM | |
| Topical term or geographic name entry element | Liberalism |
| 9 (RLIN) | 7130 |
| 650 ## - SUBJECT ADDED ENTRY--TOPICAL TERM | |
| Topical term or geographic name entry element | Christian doctrine |
| 9 (RLIN) | 6855 |
| 942 ## - ADDED ENTRY ELEMENTS (KOHA) | |
| Source of classification or shelving scheme | Dewey Decimal Classification |
| Koha item type | Books |
| Koha issues (borrowed), all copies | 1 |
| Withdrawn status | Lost status | Source of classification or shelving scheme | Damaged status | Not for loan | Home library | Current Library | Shelving location | Date acquired | Total checkouts | Full call number | Barcode | Date last seen | Date last checked out | Copy number | Price effective from | Koha item type |
|---|---|---|---|---|---|---|---|---|---|---|---|---|---|---|---|---|
| Dewey Decimal Classification | GRACE BIBLE COLLEGE | GRACE BIBLE COLLEGE | Theology | 2017-11-29 | 1 | 230.0464 WAD | 006383 | 2025-05-01 | 2024-08-26 | c.1 | 2017-11-29 | Books |